[Event "GRE-chT Schools Lykeia 16th"]
[Site "Peristeri"]
[Date "2018.03.31"]
[Round "5.4"]
[White "Kontodimou, Victoria"]
[Black "Grigoratou, Aleksia Zina"]
[Result "1-0"]
[WhiteElo "1109"]
[BlackElo "1161"]
[PlyCount "55"]
[EventDate "2018.03.31"]
[EventType "team-swiss (rapid)"]
[EventRounds "6"]
[EventCountry "GRE"]
[SourceTitle "EXT 2019"]
[Source "ChessBase"]
[SourceDate "2018.10.10"]
[SourceVersion "1"]
[SourceVersionDate "2018.10.10"]
[SourceQuality "1"]

1. e4 e5 2. Nf3 Nc6 3. Bc4 Bc5 4. c3 Nf6 5. d4 exd4 6. cxd4 Bb4+ 7. Bd2 Nxe4 8. Bxb4 Nxb4 9. Bxf7+ Kf8 10. Qb3 Qe7 11. 0-0 a5 12. a3 Nc6 13. Re1 Qxf7 14. Qxf7+ Kxf7 15. Rxe4 d5 16. Rf4+ Kg6 17. Nc3 Ne7 18. Re1 Nf5 19. Nxd5 c6 20. Ne3 Re8 21. Ne5+ Kg5 22. g3 Nxe3 23. Rxe3 Bh3 24. Nf7+ Kg6 25. Ne5+ Kg5 26. Rh4 Bf5 27. f4+ Kf6 28. g4 1-0

[Event "GRE-chT 44th"]
[Site "Achaia"]
[Date "2016.07.09"]
[Round "6.7"]
[White "Vitsaxaki, Iris"]
[Black "Grigoratou, Aleksia Zina"]
[Result "1/2-1/2"]
[WhiteElo "1248"]
[BlackElo "1315"]
[PlyCount "64"]
[EventDate "2016.07.05"]
[EventType "team-swiss"]
[EventRounds "7"]
[EventCountry "GRE"]
[SourceTitle "CBM 173 Extra"]
[Source "ChessBase"]
[SourceDate "2016.08.29"]
[SourceVersion "1"]
[SourceVersionDate "2016.08.29"]
[SourceQuality "1"]
[WhiteTeam "OFI"]
[BlackTeam "Three Stars 89"]
[WhiteTeamCountry "GRE"]
[BlackTeamCountry "GRE"]

1. d4 Nf6 2. Nf3 e6 3. Bf4 b6 4. e3 Be7 5. Nbd2 Bb7 6. Bd3 0-0 7. c3 d6 8. Qc2 h6 9. 0-0 c5 10. Rac1 Nc6 11. Rfe1 Rc8 12. Qd1 d5 13. Ne5 Nxe5 14. Bxe5 Bd6 15. f4 c4 16. Bc2 Nh7 17. Qg4 Bxe5 18. dxe5 Qe8 19. Nf3 Bc6 20. Nd4 Bd7 21. Rf1 f6 22. Bg6 Qe7 23. f5 Ng5 24. h4 Ne4 25. fxe6 Be8 26. Bxe4 dxe4 27. exf6 Rxf6 28. Qxe4 Bg6 29. Qg4 h5 30. Qg5 Rxf1+ 31. Rxf1 Qxg5 32. hxg5 Re8 1/2-1/2